000
00292nam a2200121Ia 4500
008
190216s9999||||xx |||||||||||||| ||und||
100
_a
Jain. S.P. Narang. K.L.
245
0
_a
Advanced Financial Accounting
260
_b
Kalyani Pub:-
_c
2003
300
_a
580
650
_a
Commerce
942
_c
BK
999
_c
6544
_d
6544